00958cam a2200241 a 450000100100000000500170001000800410002702000150006804000180008308200190010110000440012024500510016426000650021530000270028065000300030765000370033765000340037491000340040804900100044295201220045295201270057499900150070100000599220200929151856.0990303s1998 ck a 001 p spa  a958330106X aDO-SdBNPcDLC aC861.44bC828d1 aCortés Mendieta, Edgar,d1956-91688310aDescenso a la flor /cEdgar Cortés Mendieta. aSantafé de Bogotá (Colombia) :bBúho Pescador,c1998 . a57 p. :bil. ;c21 cm. 4aPoesía colombiana93742 4aNaturaleza en la poesía916884 4aLiterartura colombiana916885 aCatalogación por copia / LC aBNPHU 001052708MOaGRbGRcCTd2009-08-25iLF1l0oC861.44 C828dp5992-10r2020-06-25w2020-06-25y2ZPréstamo interno 001053728MOaGRbGRcCTd2009-08-25iLF1l0oC861.44 C828dp5992-20r2020-06-25te.2w2020-06-25y2ZPréstamo interno c5788d5788